Harry Potter Deaths - Sudden Death - Statistics

General Stats
  • This quiz has been taken 915 times
  • The average score is 14 of 20
Answers on the Grid
Answers color-coded by a green-red scale on the quiz's grid according to % correct below.
Albus Dumbledore
Bellatrix Lestrange
Cedric Diggory
Cho Chang
Dobby
Dolores Umbridge
Draco Malfoy
Fred Weasley
George Weasley
Gilderoy Lockhart
Ginny Weasley
Harry Potter
Hedwig
Igor Karkaroff
James Potter
Lavender Brown
Lily Potter
Lord Voldemort
Lucius Malfoy
Luna Lovegood
Minerva McGonagall
Moaning Myrtle
Nagini
Narcissa Malfoy
Nearly Headless Nick
Neville Longbottom
Nymphadora Tonks
Oliver Wood
Quirinus Quirrell
Remus Lupin
Ron Weasley
Rubeus Hagrid
Severus Snape
Sirius Black
Tom Riddle Sr.
Vernon Dursley
 
Answer Stats
Answer % Correct
Albus Dumbledore
97%
Cedric Diggory
89%
Bellatrix Lestrange
86%
Dobby
84%
Lily Potter
70%
Lord Voldemort
70%
James Potter
68%
Severus Snape
67%
Sirius Black
67%
Fred Weasley
66%
Nagini
65%
Moaning Myrtle
64%
Nearly Headless Nick
64%
Tom Riddle Sr.
64%
Hedwig
63%
Remus Lupin
63%
Quirinus Quirrell
61%
Nymphadora Tonks
60%
Lavender Brown
47%
Igor Karkaroff
36%
No matching quizzes found
Score Distribution
Percent of People with Each Score
Percentile by Number Answered
Your Score History
You have not taken this quiz